Vista normal
Vista MARC
Entrada Nombre corporativo
Número de registros utilizados en: 1
001 - NÚMERO DE CONTROL
- campo de control: 2456
003 - IDENTIFICADOR DE NÚMERO DE CONTROL
- campo de control: OSt
005 - FECHA Y HORA DE LA ÚLTIMA TRANSACCIÓN
- campo de control: 20221005154934.0
008 - ELEMENTOS DE DATO DE LONGITUD-FIJA
- campo de control de longitud fija: 221005|| aca||aabn | a|a d
040 ## - FUENTE DE CATALOGACIÓN
- Centro catalogador/agencia de origen: OSt
- Centro/agencia transcriptor: OSt
110 ## - ENCABEZAMIENTO-NOMBRE DE ENTIDAD CORPORATIVA
- Nombre de entidad corporativa o nombre de jurisdicción como elemento de entrada: CANARIAS.
- Unidad subordinada: Tribunal Superior de Justicia
- Sede del congreso/Lugar de la reunión: Sala de lo Contencioso Administrativo
- Sede del congreso/Lugar de la reunión: Santa Cruz de Tenerife
670 ## - FUENTE DE DATOS ENCONTRADOS
- Cita de la fuente: Work cat.: (OSt)1416: CANARIAS. Tribunal Superior de Justicia Sala de lo Contencioso Administrativo Santa Cruz de Tenerife, Sentencia dictada el 24 de mayo de 1992 por el Tribunal Superior de Justicia de Canarias en relación con la convocatoria de huelga propuesta por los sindicatos CCOO, UGT, USO, CANC, SOC, STEC y CSIF, 1992